Spoločenské posolstvo encyklík Jána Pavla II.

Podrobná bibliografia
Hlavný autor: Košč, Stanislav, 1964- (Autor)
Médium: Kniha
Jazyk:slovenčina
Fyzický popis:128 s. 21 cm
Vydavateľské údaje: Ružomberok Pedagogická fakulta Katolíckej univerzity 2006
ISBN:8080840679
Vydanie:[1. vyd.]
Edícia:Studia Scientifica Facultatis Paedagogicae = Vedecké štúdie Pedagogickej fakulty č. 87
Predmet:

MARC

LEADER 00000nam a2200000 a 4500
001 vtls008695408
003 SK-MaSNL
005 20260302004517.0
008 240315s2006 xo g 000 0 slo
015 |a SNBA2006/04-02249 
020 |a 8080840679  |q (brož.) 
035 |a A8DACF34-A96A-4620-B27B-35BB5EAF7D8D 
035 |a urn:nbn:sk:snk-amkz80 
035 |a urn:nbn:sk:snk-am008pay 
040 |a SNK  |b slo  |c SNK  |e AACR2 
041 0 |a slo 
044 |a xo  |c SK 
072 7 |a 27  |x Kresťanstvo. Kresťanská cirkev všeobecne. Ekleziológia  |2 konspekt 
080 |a 272-1/-9  |2 2001 
080 |a (093.2)  |2 2001 
080 |a (048.8)  |2 2001 
080 |a 27-4  |2 2001 
100 1 |a Košč, Stanislav,  |d 1964-  |4 aut  |9 212490 
245 1 0 |a Spoločenské posolstvo encyklík Jána Pavla II.  |c Stanislav Košč 
250 |a [1. vyd.] 
260 |a Ružomberok  |b Pedagogická fakulta Katolíckej univerzity  |c 2006 
300 |a 128 s.  |c 21 cm 
490 1 |a Studia Scientifica Facultatis Paedagogicae  |a = Vedecké štúdie Pedagogickej fakulty  |v č. 87 
504 |a Bibliogr. s. 8-11. Pozn. Zoz. skrat. 
610 2 7 |a Katolícka cirkev.  |b Pápež (1978-2005 : Ján Pavol II.)  |2 SNKKA  |9 114944 
650 0 7 |a učenie katolíckej cirkvi  |2 SNKPH  |9 64342 
650 0 7 |a kresťanský život  |2 SNKPH  |9 1808 
655 7 |a encykliky  |2 SNKPH  |9 70680 
655 7 |a štúdie  |2 SNKPH  |9 57033 
810 2 |a Katolícka univerzita v Ružomberku.  |b Pedagogická fakulta  |t Studia Scientifica Facultatis Paedagogicae  |9 305510 
919 |a 80-8084-067-9 
958 |a OND 
999 |c 996108  |d 998038 
952 |a SNK  |b SNK  |y PREZ  |7 0  |p 17A0506437  |o snkSC 123506  |i snk2006/8405  |8 0  |0 0  |1 0  |4 0  |d 2006-04-25  |f 1  |l 0  |r 2025-06-05 00:00:00  |w 2026-02-24 
952 |a SNK  |b SNK  |y VYP  |7 0  |p 17A0506436  |o snkSC 123506 D1  |i snk2006/8407  |8 0  |0 0  |1 0  |4 0  |d 2006-04-25  |l 0  |r 2026-02-24 12:03:49  |w 2026-02-24